000
00265nam a2200097Ia 4500
001
966687
005
20250826220310.0
008
250824s9999 xx 000 0 und d
245
0
_a
YAKIN TARİHİMİZİMİN SIR PERDESİ
_c
YAVUZ BAHADIROĞLU
260
_b
PANAMA YAYINLARI
999
_c
966687
_d
966687